000 00532cam a22002291 4500
001 sa 64005918
003 DLC
005 20260227112036.0
008 950216s1963 ii 000 0 tamo
010 _asa 64005918
025 _aPL480:I-T-516
035 _a(OCoLC)32004772
040 _aDLC
_cCU
_dCU
_dDLC
042 _apremarc
050 0 0 _aPL4758.9.V3
_bN5
100 0 _aVācavan̲.
245 1 0 _aNil̲al kan̲n̲i.
260 _c[1963]
300 _a174 p.
_c18 cm.
500 _aIn Tamil.
500 _aShort stories.
999 _c59405
_d59405